Química inorgánica descriptiva

Saved in:
書目詳細資料
主要作者: Rayner-Canham, Geoff (Author)
格式: 圖書
語言:西班牙语
出版: Ciudad de México Pearson Educación 2000
版:2a. ed
主題:
在線閱讀:Disponible Online
標簽: 添加標簽
沒有標簽, 成為第一個標記此記錄!

MARC

LEADER 00000nam a2200000 a 4500
001 UCM5420
003 CL-VaPUC
005 20240820155646.0
008 021011e20000000MX |||||||||||||||||spa|d
999 |c 301486  |d 301484 
020 |a 9684443854 
040 |c Pontificia Universidad Católica de Valparaíso 
082 0 4 |a 546  |b RAY  |2 21 
100 0 |a Rayner-Canham, Geoff  |e author  |9 471630 
245 1 0 |a Química inorgánica descriptiva 
250 |a 2a. ed 
260 |a Ciudad de México  |b Pearson Educación  |c 2000 
300 |a 595 p 
583 |a last modification  |c 20021011 00:00:00  |k Rodrigo Vera 
650 0 |a Química inorgánica  |9 260154 
650 0 |a Termodinámica   |9 259320 
650 0 |a Ácidos  |9 344389 
650 0 |a Oxidación  |9 326616 
650 0 |a Átomos  |9 259583 
650 7 |a Metales de transición   |2 CL-VaPUC  |9 306838 
856 |u http://bibliografiadigital.pucv.cl.pucv.idm.oclc.org/index.php/bibliotecapucv/catalog/book/840  |y Disponible Online 
942 |c BK  |2 ddc 
945 |d 20021011 00:00:00  |a vberengu 
952 |0 0  |1 0  |4 0  |6 546_000000000000000_RAY_2000  |7 0  |8 A  |9 360497  |a BIBCUR  |b BIBCUR  |d 2019-11-21  |i 3845281  |l 1  |o 546 RAY 2000  |p 3845281  |r 2025-04-22  |s 2024-04-08  |w 2019-11-21  |y BK  |k QUI 
952 |0 0  |1 0  |4 0  |6 546_000000000000000_RAY_2000  |7 0  |8 A  |9 360498  |a BIBCUR  |b BIBCUR  |d 2019-11-21  |i 3845303  |l 1  |o 546 RAY 2000  |p 3845303  |r 2025-04-22  |s 2023-03-20  |w 2019-11-21  |y BK  |k QUI 
952 |0 0  |1 0  |4 0  |6 546_000000000000000_RAY_2000  |7 0  |8 A  |9 360499  |a BIBCUR  |b BIBCUR  |d 2019-11-21  |i 3845311  |l 1  |o 546 RAY 2000  |p 3845311  |r 2025-04-22  |s 2020-04-07  |w 2019-11-21  |y BK  |k QUI 
952 |0 0  |1 0  |4 0  |6 546_000000000000000_RAY_2000  |7 0  |8 A  |9 360500  |a BIBCUR  |b BIBCUR  |d 2019-11-21  |i 384532K  |o 546 RAY 2000  |p 384532K  |r 2025-04-22  |w 2019-11-21  |y BK  |k QUI 
952 |0 0  |1 0  |4 0  |6 546_000000000000000_RAY_2000  |7 0  |8 A  |9 360501  |a BIBCUR  |b BIBCUR  |d 2019-11-21  |i 3845338  |o 546 RAY 2000  |p 3845338  |r 2025-04-22  |w 2019-11-21  |y BK  |k QUI 
952 |0 0  |1 0  |4 0  |6 546_000000000000000_RAY_2000  |7 0  |8 A  |9 360503  |a BIBCUR  |b BIBCUR  |d 2019-11-21  |i 384529K  |l 2  |m 2  |o 546 RAY 2000  |p 384529K  |r 2025-04-22  |s 2023-04-24  |w 2019-11-21  |y BK  |k QUI 
952 |0 0  |1 0  |4 0  |6 546_000000000000000_RAY_2000  |7 0  |8 A  |9 360504  |a BIBAGR  |b BIBAGR  |d 2019-11-21  |i 424138K  |l 2  |o 546 RAY 2000  |p 424138K  |r 2025-01-20  |s 2023-08-14  |w 2019-11-21  |y BK  |k AGR 
952 |0 0  |1 0  |4 0  |6 546_000000000000000_RAY_2000  |7 0  |8 A  |9 360505  |a BIBCUR  |b BIBCUR  |d 2019-11-21  |i 4364015  |l 6  |m 4  |o 546 RAY 2000  |p 4364015  |r 2025-04-22  |s 2024-05-03  |w 2019-11-21  |y BK  |k QUI 
952 |0 0  |1 0  |4 0  |6 546_000000000000000_RAY_2000  |7 0  |8 A  |9 360506  |a BIBCUR  |b BIBCUR  |d 2019-11-21  |i 4425359  |l 18  |m 5  |o 546 RAY 2000  |p 4425359  |r 2025-04-22  |s 2024-03-22  |w 2019-11-21  |y BK  |k BCB